Politická ekonómia kapitalizmu špeciálny seminár z imperializmu

Salvato in:
Dettagli Bibliografici
Autore principale: Melišová, Mária
Ente Autore: Vysoká škola ekonomická v Bratislave. Národohospodárska fakulta
Altri autori: Šíbl, Drahoš
Natura: Libro
Lingua:slovacco
Pubblicazione: Bratislava VŠE 1986
Edizione:1. vyd.
Tags: Aggiungi Tag
Nessun Tag, puoi essere il primo ad aggiungerne!!

MARC

LEADER 00000nam a2200000 4500
001 c032056
005 20230116121502.2
041 0 |a slo 
044 |a SK 
245 1 0 |a Politická ekonómia kapitalizmu  |b špeciálny seminár z imperializmu  |c Mária Melišová, Drahoš Šíbl 
250 |a 1. vyd. 
264 1 |a Bratislava  |b VŠE  |c 1986 
300 |a 114 s. 
100 1 |a Melišová, Mária 
700 1 |a Šíbl, Drahoš 
710 2 |a Vysoká škola ekonomická v Bratislave. Národohospodárska fakulta